[Event "40th Olympiad Women"]
[Site "Istanbul TUR"]
[Date "2012.09.01"]
[Round "5.6"]
[Board "1"]
[White "Hou, Yifan"]
[Black "Harika, Dronavalli"]
[Result "1/2-1/2"]
[WhiteTitle "GM"]
[BlackTitle "GM"]
[WhiteElo "2599"]
[BlackElo "2503"]
[WhiteTeam "China"]
[BlackTeam "India"]
[WhiteFideId "8602980"]
[BlackFideId "5015197"]
[EventDate "2012.08.28"]

1. e4 e5 2. Nf3 Nc6 3. Nc3 Nf6 4. d4 exd4 5. Nxd4 Bb4 6. Nxc6 bxc6 7. Bd3 d5 8.
exd5 Qe7+ 9. Qe2 Qxe2+ 10. Kxe2 Nxd5 11. Nxd5 cxd5 12. Bf4 c6 13. c3 Be7 14.
Rhe1 Be6 15. Rac1 Kd7 16. c4 Bd6 17. Bxd6 dxc4 18. Bxc4 Bxc4+ 19. Rxc4 Rhe8+ 20.
Kd2 Rxe1 21. Kxe1 Kxd6 22. Rd4+ Ke6 23. Kd2 Rb8 24. Kc3 Rb5 25. Rb4 Re5 26. Kd3
Rd5+ 27. Rd4 Rb5 28. b3 h5 29. h4 f6 30. g3 g5 31. Re4+ Kd6 32. Ke3 Ra5 33. a4
Rc5 34. Rd4+ Ke6 35. Re4+ Kd6 36. Rd4+ Ke6 37. Re4+ 1/2-1/2

[Event "40th Olympiad Women"]
[Site "Istanbul TUR"]
[Date "2012.09.01"]
[Round "5.6"]
[Board "2"]
[White "Karavade, Eesha"]
[Black "Zhao, Xue"]
[Result "0-1"]
[WhiteTitle "IM"]
[BlackTitle "GM"]
[WhiteElo "2371"]
[BlackElo "2549"]
[WhiteTeam "India"]
[BlackTeam "China"]
[WhiteFideId "5012600"]
[BlackFideId "8601283"]
[EventDate "2012.08.28"]

1. d4 Nf6 2. c4 e6 3. Nc3 Bb4 4. e3 d5 5. a3 Be7 6. Nf3 O-O 7. Bd3 Nbd7 8. O-O
Re8 9. Re1 c5 10. cxd5 exd5 11. dxc5 Nxc5 12. Be2 Nce4 13. Nb5 a6 14. Nbd4 Bd6
15. h3 Bd7 16. Bd2 Qe7 17. Qb3 Nc5 18. Qa2 Rac8 19. Rac1 Nce4 20. Rxc8 Rxc8 21.
Rc1 Nxd2 22. Rxc8+ Bxc8 23. Nxd2 Qc7 24. Qb1 Kf8 25. Bd3 g6 26. Kf1 Nd7 27. N2f3
Nb6 28. Ke2 Bd7 29. Nd2 Be7 30. Qc2 Qh2 31. N4f3 Qd6 32. Nd4 Bf6 33. N2b3 Na4
34. Na5 b6 35. Nac6 Nc5 36. Nb4 a5 37. Na6 Nxd3 38. Qxd3 b5 0-1

[Event "40th Olympiad Women"]
[Site "Istanbul TUR"]
[Date "2012.09.01"]
[Round "5.6"]
[Board "3"]
[White "Ju, Wenjun"]
[Black "Tania, Sachdev"]
[Result "1-0"]
[WhiteTitle "WGM"]
[BlackTitle "IM"]
[WhiteElo "2528"]
[BlackElo "2379"]
[WhiteTeam "China"]
[BlackTeam "India"]
[WhiteFideId "8603006"]
[BlackFideId "5007844"]
[EventDate "2012.08.28"]

1. d4 Nf6 2. c4 e6 3. g3 d5 4. Nf3 dxc4 5. Bg2 c6 6. Ne5 Bb4+ 7. Nc3 Nd5 8. O-O
Nxc3 9. bxc3 Bxc3 10. Nxc4 O-O 11. Rb1 b5 12. Ne5 Qxd4 13. Qxd4 Bxd4 14. Nxc6
Nxc6 15. Bxc6 Rb8 16. Ba3 Rd8 17. Be7 Bb7 18. Bxd8 Bxc6 19. Bc7 Rb7 20. Rbc1
Rxc7 21. Rfd1 Bf6 22. Rd6 Kf8 23. Rdxc6 Rd7 24. Rc7 Ke7 25. R1c5 b4 26. Rxd7+
Kxd7 27. Rb5 Bc3 28. Rb7+ Kc6 29. Rxa7 f5 30. e3 Kd5 31. Kf1 h5 32. Ke2 g6 33.
f3 Kc4 34. Rc7+ Kb5 35. Kd3 Bf6 36. Rf7 Bc3 37. Re7 e5 38. Kc2 g5 39. Rf7 1-0

[Event "40th Olympiad Women"]
[Site "Istanbul TUR"]
[Date "2012.09.01"]
[Round "5.6"]
[Board "4"]
[White "Gomes, Mary Ann"]
[Black "Huang, Qian"]
[Result "0-1"]
[WhiteTitle "WGM"]
[BlackTitle "WGM"]
[WhiteElo "2396"]
[BlackElo "2449"]
[WhiteTeam "India"]
[BlackTeam "China"]
[WhiteFideId "5013623"]
[BlackFideId "8602689"]
[EventDate "2012.08.28"]

1. Nf3 Nf6 2. g3 g6 3. Bg2 Bg7 4. O-O O-O 5. d4 d5 6. c3 c6 7. Nbd2 Bf5 8. Nh4
Be6 9. Re1 Nbd7 10. Nhf3 Bf5 11. Nh4 Be6 12. e4 dxe4 13. Nxe4 Nxe4 14. Bxe4 Qb6
15. Qe2 Rfe8 16. Be3 Qd8 17. f4 Nf6 18. Bg2 Qc7 19. h3 Bd5 20. Nf3 b5 21. Kh2 e6
22. Bg1 Rac8 23. b3 Nd7 24. Rac1 a6 25. c4 bxc4 26. bxc4 Bxf3 27. Qxf3 c5 28.
Red1 cxd4 29. Bxd4 Bxd4 30. Rxd4 Nc5 31. Rcd1 Qa5 32. R1d2 Red8 33. Qe3 Rxd4 34.
Qxd4 Na4 35. Bb7 Rxc4 36. Qd7 Kg7 37. Re2 Nc5 38. Qc8 Qb6 39. Bg2 Rc1 40. Qc6
Qxc6 41. Bxc6 Rc3 42. Kg2 a5 43. a4 Nb3 44. Bd7 Kf6 45. Kf2 Nc5 46. Bb5 Ra3 47.
Re3 Ra1 48. Re1 Rxe1 49. Kxe1 Ne4 50. g4 Nc3 51. Bc6 Nd5 0-1

[Event "40th Olympiad Women"]
[Site "Istanbul TUR"]
[Date "2012.09.01"]
[Round "5.7"]
[Board "1"]
[White "Baciu, Diana"]
[Black "Hoang, Thanh Trang"]
[Result "1/2-1/2"]
[WhiteTitle "WFM"]
[BlackTitle "GM"]
[WhiteElo "2186"]
[BlackElo "2464"]
[WhiteTeam "Moldova"]
[BlackTeam "Hungary"]
[WhiteFideId "13903284"]
[BlackFideId "12400149"]
[EventDate "2012.08.28"]

1. e4 e6 2. d4 d5 3. Nd2 h6 4. Ngf3 Nf6 5. Bd3 c5 6. dxc5 dxe4 7. Nxe4 Nxe4 8.
Bxe4 Qxd1+ 9. Kxd1 Bxc5 10. Ke2 f5 11. Bd3 Nc6 12. Re1 Bd7 13. a3 O-O-O 14. Kf1
Bb6 15. Bd2 Rhe8 16. Bc3 Re7 17. b4 Be8 18. b5 Nd4 19. Nxd4 Bxd4 20. Bxd4 Rxd4
21. Rab1 g6 22. Re5 Kc7 23. g3 Kd6 24. f4 g5 25. Rb4 Rxb4 26. axb4 gxf4 27. gxf4
Bd7 28. Kf2 Rg7 29. Re1 Bc8 30. Rd1 Kc7 31. Ra1 Rg4 32. Kf3 Rh4 33. Kg3 Rg4+ 34.
Kf3 Rh4 35. Kg3 1/2-1/2

[Event "40th Olympiad Women"]
[Site "Istanbul TUR"]
[Date "2012.09.01"]
[Round "5.7"]
[Board "2"]
[White "Gara, Ticia"]
[Black "Smokina, Karolina"]
[Result "1-0"]
[WhiteTitle "WGM"]
[BlackTitle "WGM"]
[WhiteElo "2385"]
[BlackElo "2156"]
[WhiteTeam "Hungary"]
[BlackTeam "Moldova"]
[WhiteFideId "717444"]
[BlackFideId "13900382"]
[EventDate "2012.08.28"]

1. e4 c5 2. Nf3 Nc6 3. d4 cxd4 4. Nxd4 e5 5. Nb5 d6 6. c4 Be7 7. N1c3 a6 8. Na3
Be6 9. Nd5 Rc8 10. Be3 Bg5 11. Bb6 Qd7 12. Be2 Bd8 13. O-O Nf6 14. Nxf6+ gxf6
15. Be3 f5 16. exf5 Bxf5 17. Bd3 e4 18. Bc2 Bf6 19. Rb1 Rg8 20. Kh1 Be5 21. f4
Bf6 22. b4 Kf8 23. Qd2 Rg6 24. Rfd1 Be7 25. b5 Nb8 26. Qd5 Be6 27. Qxe4 d5 28.
cxd5 Bg4 29. f5 Bxa3 30. fxg6 hxg6 31. Qe5 f5 32. Qh8+ Kf7 33. Qh7+ Ke8 34. Qg8+
Ke7 35. Bg5+ Kd6 36. Qxg6+ 1-0

[Event "40th Olympiad Women"]
[Site "Istanbul TUR"]
[Date "2012.09.01"]
[Round "5.7"]
[Board "3"]
[White "Partac, Elena"]
[Black "Rudolf, Anna"]
[Result "0-1"]
[WhiteTitle "WGM"]
[BlackTitle "WGM"]
[WhiteElo "2102"]
[BlackElo "2289"]
[WhiteTeam "Moldova"]
[BlackTeam "Hungary"]
[WhiteFideId "13901001"]
[BlackFideId "722855"]
[EventDate "2012.08.28"]

1. e4 c6 2. d4 d5 3. exd5 cxd5 4. Bd3 Nc6 5. c3 Qc7 6. Ne2 Bg4 7. O-O e6 8. f3
Bh5 9. Bf4 Bd6 10. Qd2 Bg6 11. Bxd6 Qxd6 12. Nf4 Nge7 13. Re1 O-O-O 14. Na3 a6
15. Nc2 Kb8 16. Re2 Bf5 17. Bxf5 Nxf5 18. Nd3 h6 19. Qf4 Qxf4 20. Nxf4 Na5 21.
Nd3 Nc4 22. Ne5 Nfd6 23. Nb4 Nxe5 24. Rxe5 Nc4 25. Re2 Rd6 26. Rae1 Rc8 27. Nd3
Rb6 28. Nc5 Rc7 29. Nd3 a5 30. a3 Kc8 31. Kf2 Rb5 32. Rc2 Rc6 33. Ree2 Kc7 34.
Ke1 Ra6 35. Nc5 Ra8 36. Nd3 a4 37. Nb4 Kd6 38. Kf2 f6 39. Re1 Re8 40. Rce2 e5
41. g4 e4 42. fxe4 dxe4 43. Rxe4 Rxe4 44. Rxe4 Nxb2 45. Kg3 Nc4 46. Re1 Ra5 47.
Nd3 b6 48. Rb1 Kc7 49. Ra1 Ra8 50. Nf4 Re8 51. h3 Kd6 52. Kf2 Re3 53. Rc1 g5 54.
Nh5 Rxh3 55. Nxf6 b5 56. Kg2 Re3 57. Rh1 Nxa3 58. Rxh6 Nc2 59. Ne4+ Kd5 60. Nxg5
a3 61. Ra6 Rxc3 62. Ra5 Nxd4 63. Kf2 Ke5 64. Nf7+ Kf4 65. g5 Rc2+ 66. Ke1 a2 0-1

[Event "40th Olympiad Women"]
[Site "Istanbul TUR"]
[Date "2012.09.01"]
[Round "5.7"]
[Board "4"]
[White "Papp, Petra"]
[Black "Hincu, Olga"]
[Result "1-0"]
[WhiteTitle "WGM"]
[WhiteElo "2302"]
[BlackElo "1931"]
[WhiteTeam "Hungary"]
[BlackTeam "Moldova"]
[WhiteFideId "739049"]
[BlackFideId "13904108"]
[EventDate "2012.08.28"]

1. e4 e6 2. d4 d5 3. Nc3 Nf6 4. e5 Nfd7 5. f4 c5 6. Nf3 Nc6 7. Be3 a6 8. Qd2 b5
9. dxc5 Bxc5 10. Bd3 Qb6 11. Bf2 Bb7 12. O-O Bxf2+ 13. Rxf2 g6 14. Re1 Nc5 15.
Ne2 b4 16. Ned4 Ne7 17. Qe3 Bc6 18. Nb3 Na4 19. Qc1 Bb5 20. Nbd4 Bxd3 21. cxd3
Rc8 22. Qd2 O-O 23. g4 Nc5 24. f5 exf5 25. Qh6 f6 26. exf6 Qxf6 27. Ng5 Rf7 28.
Nxf7 Nxd3 29. Qe3 Nxe1 30. Nh6+ Kg7 31. g5 1-0

[Event "40th Olympiad Women"]
[Site "Istanbul TUR"]
[Date "2012.09.01"]
[Round "5.8"]
[Board "3"]
[White "Le, Kieu Thien Kim"]
[Black "Foisor, Sabina-Francesca"]
[Result "1-0"]
[WhiteTitle "WIM"]
[BlackTitle "WGM"]
[WhiteElo "2226"]
[BlackElo "2356"]
[WhiteTeam "Vietnam"]
[BlackTeam "United States of America"]
[WhiteFideId "12400572"]
[BlackFideId "1212915"]
[EventDate "2012.08.28"]

1. d4 g6 2. Nf3 Bg7 3. Bf4 d6 4. e3 Nf6 5. h3 O-O 6. Be2 c5 7. c3 Qb6 8. Qb3 Be6
9. Qxb6 axb6 10. a3 Bd7 11. Nbd2 b5 12. O-O Bc6 13. dxc5 dxc5 14. Ne5 Nd5 15.
Nxc6 bxc6 16. Bg3 Nb6 17. Bf3 Na4 18. Rab1 e5 19. c4 Ra7 20. Rfc1 b4 21. axb4
cxb4 22. c5 Rd7 23. Nb3 f5 24. Rc4 e4 25. Be2 Na6 26. Ra1 Nxb2 27. Rxa6 Nxc4 28.
Bxc4+ Kh8 29. Bd6 Re8 30. Rxc6 Bf8 31. Ra6 Bxd6 32. Bb5 Rdd8 33. Bxe8 Be5 34.
Bb5 Rd1+ 35. Bf1 Rb1 36. Re6 Rxb3 37. Rxe5 Rc3 38. c6 Rxc6 39. Rb5 Rc1 40. Rxb4
h6 41. Rb7 Re1 42. g3 Rd1 43. Kg2 Rd6 44. Ra7 Rd8 45. Bb5 Rb8 46. Bc6 Rb6 47.
Rc7 Ra6 48. g4 Ra5 49. gxf5 gxf5 50. Kg3 Rc5 51. Kf4 Kg8 52. Rc8+ Kg7 53. Bd7
Rd5 54. Bxf5 Rd2 55. Kg3 h5 56. Bxe4 h4+ 57. Kf3 Kf6 58. Rc5 Rb2 59. Rf5+ Ke6
60. Rh5 Kf6 61. Rxh4 Kg5 62. Rf4 Rd2 63. h4+ Kh5 64. Kg3 Rd7 65. Rf8 Rg7+ 66.
Kh3 1-0

[Event "40th Olympiad Women"]
[Site "Istanbul TUR"]
[Date "2012.09.01"]
[Round "5.8"]
[Board "4"]
[White "Abrahamyan, Tatev"]
[Black "Pham, Bich Ngoc"]
[Result "0-1"]
[WhiteTitle "WGM"]
[BlackTitle "WIM"]
[WhiteElo "2303"]
[BlackElo "2172"]
[WhiteTeam "United States of America"]
[BlackTeam "Vietnam"]
[WhiteFideId "13301918"]
[BlackFideId "12401285"]
[EventDate "2012.08.28"]

1. e4 c6 2. d4 d5 3. e5 Bf5 4. Nf3 e6 5. Be2 Ne7 6. O-O c5 7. c4 Nbc6 8. Nc3 a6
9. Be3 cxd4 10. Nxd4 Nxd4 11. Bxd4 dxc4 12. Bf3 Nd5 13. Bxd5 exd5 14. Qf3 Be6
15. Qg3 Qd7 16. f4 g6 17. Ne2 Rc8 18. Rae1 Bb4 19. f5 gxf5 20. Qg7 Rf8 21. Rd1
Qe7 22. a3 Bc5 23. Bxc5 Qxc5+ 24. Kh1 Kd7 25. Nd4 Rg8 26. Qxh7 Rh8 27. Qg7 Rhg8
28. Qf6 Qe7 29. Nxf5 Qxf6 30. exf6 Rg5 31. Nd4 Rh8 32. Rf4 Rgh5 33. Nf3 Rg8 34.
Re1 Kd6 35. Nd4 Rgh8 36. Nf3 Rg8 37. Kg1 Rg6 38. Nd4 Re5 39. Rd1 Bg4 40. Rd2 b5
41. Kf2 Bd7 42. h3 Rh5 43. Kf3 a5 44. h4 b4 45. axb4 axb4 46. Nc2 Rf5 47. Nxb4
Rxf4+ 48. Kxf4 Rxf6+ 49. Ke3 Re6+ 50. Kf2 Rf6+ 51. Kg3 Rg6+ 52. Kh2 Be6 53. Nc2
Rg4 54. g3 Ke5 55. Kg2 d4 56. h5 d3 57. Ne3 Rg5 58. h6 Rh5 59. b3 cxb3 60. Rxd3
Ke4 0-1

[Event "40th Olympiad Women"]
[Site "Istanbul TUR"]
[Date "2012.09.01"]
[Round "5.9"]
[Board "1"]
[White "Muzychuk, Anna"]
[Black "Porat, Maya"]
[Result "1/2-1/2"]
[WhiteTitle "GM"]
[BlackTitle "WIM"]
[WhiteElo "2606"]
[BlackElo "2295"]
[WhiteTeam "Slovenia"]
[BlackTeam "Israel"]
[WhiteFideId "14111330"]
[BlackFideId "2808072"]
[EventDate "2012.08.28"]

1. e4 c5 2. Nf3 e6 3. d4 cxd4 4. Nxd4 Nf6 5. Nc3 Nc6 6. Ndb5 Bb4 7. Bf4 O-O 8.
Bc7 Qe7 9. Bd6 Bxd6 10. Qxd6 a6 11. Qxe7 Nxe7 12. Nd6 b5 13. O-O-O Rb8 14. f3
Bb7 15. a4 b4 16. Nb1 Bc6 17. b3 a5 18. Nd2 Nc8 19. N2c4 Nxd6 20. Rxd6 Ra8 21.
Ne5 Rfc8 22. Bb5 Bxb5 23. axb5 Rc5 24. Nxd7 Nxd7 25. Rxd7 Rxb5 26. Rhd1 Rbb8 27.
Re7 Re8 28. Rxe8+ Rxe8 29. Rd7 Ra8 30. Rc7 g5 31. Rc5 h6 32. Kd2 a4 33. bxa4
Rxa4 34. Rb5 Kg7 35. h3 Kg6 36. Rb8 h5 37. e5 h4 38. Rb7 Kf5 39. Rxf7+ Kxe5 40.
Rc7 Ra2 41. Rb7 Ra4 42. Rb5+ Kf6 43. Rb7 Kf5 44. Rf7+ Kg6 45. Rc7 Ra3 46. Rb7
Ra4 47. Rb8 Kf5 48. Rb5+ Kf6 49. Rb7 Kf5 50. Rb5+ Kf6 51. Kd3 Ra3+ 52. Kd4 Ra2
53. Rc5 Rb2 54. Kd3 b3 55. Rc3 bxc2 56. Rxc2 Rxc2 57. Kxc2 Ke5 58. Kd3 Kf4 59.
Ke2 Kg3 60. Kf1 e5 61. Kg1 e4 62. fxe4 Kf4 63. Kf2 Ke5 1/2-1/2

[Event "40th Olympiad Women"]
[Site "Istanbul TUR"]
[Date "2012.09.01"]
[Round "5.9"]
[Board "2"]
[White "Efroimski, Marsel"]
[Black "Krivec, Jana"]
[Result "1/2-1/2"]
[WhiteTitle "WIM"]
[BlackTitle "WGM"]
[WhiteElo "2174"]
[BlackElo "2240"]
[WhiteTeam "Israel"]
[BlackTeam "Slovenia"]
[WhiteFideId "2810964"]
[BlackFideId "14601982"]
[EventDate "2012.08.28"]

1. e4 e5 2. Nf3 Nc6 3. Nc3 Nf6 4. Bb5 Bd6 5. O-O O-O 6. d3 h6 7. a3 Re8 8. h3
Bf8 9. Nd5 d6 10. Ba4 Bd7 11. Nxf6+ Qxf6 12. Nh2 Qg6 13. Kh1 f5 14. exf5 Bxf5
15. f4 exf4 16. Bxf4 Be7 17. Qf3 Bd7 18. d4 Kh8 19. Qf2 Rf8 20. Rae1 Bf6 21. c3
Qh5 22. Bd1 Qb5 23. Qd2 g5 24. Bg3 Bg7 25. Bc2 Rxf1+ 26. Nxf1 Qd5 27. Qd3 Qg8
28. Ne3 Rf8 29. Rf1 Rxf1+ 30. Nxf1 Ne7 31. Ne3 Bf6 32. Qe4 Bc6 33. Qg4 Qf7 34.
Nf5 1/2-1/2

[Event "40th Olympiad Women"]
[Site "Istanbul TUR"]
[Date "2012.09.01"]
[Round "5.9"]
[Board "3"]
[White "Srebrnic, Ana"]
[Black "Klinova, Masha"]
[Result "1/2-1/2"]
[WhiteTitle "WGM"]
[BlackTitle "IM"]
[WhiteElo "2211"]
[BlackElo "2317"]
[WhiteTeam "Slovenia"]
[BlackTeam "Israel"]
[WhiteFideId "14603314"]
[BlackFideId "2802015"]
[EventDate "2012.08.28"]

1. Nf3 g6 2. e4 Bg7 3. d4 d6 4. Bc4 c6 5. Qe2 e6 6. e5 d5 7. Bd3 Ne7 8. O-O Nd7
9. c3 c5 10. b3 Nc6 11. Be3 O-O 12. Nbd2 cxd4 13. cxd4 b6 14. a3 Bb7 15. h4 f5
16. Bg5 Qe8 17. Qe3 Qf7 18. g3 Rfc8 19. Rfc1 Rc7 20. b4 Rac8 21. Nb3 Nf8 22. Ne1
Qd7 23. Ng2 Nb8 24. Rxc7 Rxc7 25. Rc1 Rxc1+ 26. Qxc1 Ba6 27. Bxa6 Nxa6 28. h5
gxh5 29. Nf4 h6 30. Bh4 Qc7 31. Qe3 Qc2 32. Nd2 Nc7 33. Be7 Kf7 34. Bxf8 Qd1+
35. Kg2 Bxf8 36. Nf3 h4 37. Nxh4 Nb5 38. Nxf5 exf5 39. e6+ Ke8 40. e7 Bg7 41.
Qe6 Qxd4 42. Qc6+ Kxe7 43. Nxd5+ Kf8 44. Qc8+ Kf7 45. Qxf5+ Bf6 46. Nxf6 Nd6 47.
Qh7+ Ke6 48. Qg8+ Nf7 49. Ng4 Qd5+ 50. f3 Ke7 51. Qg6 Qa2+ 52. Nf2 Qxa3 53. Qe4+
Kf8 54. f4 a5 55. bxa5 bxa5 56. Qf5 a4 57. Qc8+ Kg7 58. Qg4+ Kf8 59. Qc8+ Kg7
60. Qg4+ Kf8 61. Qc8+ 1/2-1/2

[Event "40th Olympiad Women"]
[Site "Istanbul TUR"]
[Date "2012.09.01"]
[Round "5.9"]
[Board "4"]
[White "Borsuk, Angela"]
[Black "Orehek, Spela"]
[Result "1/2-1/2"]
[WhiteTitle "IM"]
[WhiteElo "2266"]
[BlackElo "2048"]
[WhiteTeam "Israel"]
[BlackTeam "Slovenia"]
[WhiteFideId "2806452"]
[BlackFideId "14605872"]
[EventDate "2012.08.28"]

1. d4 d5 2. c4 c6 3. e3 Nf6 4. Nf3 a6 5. Nbd2 Bg4 6. h3 Bh5 7. g4 Bg6 8. Ne5
Nbd7 9. h4 dxc4 10. Bxc4 b5 11. Be2 c5 12. h5 Be4 13. Nxe4 Nxe4 14. Bf3 Nxe5 15.
Bxe4 Nd7 16. Bxa8 Qxa8 17. Rh3 e5 18. Bd2 Bd6 19. Qf3 e4 20. Qf5 c4 21. a3 Qb7
22. g5 O-O 23. g6 h6 24. Ke2 Nf6 25. gxf7+ Rxf7 26. Qe6 Bf8 27. Rg1 b4 28. Qxc4
Qd7 29. Rh4 bxa3 30. bxa3 Qf5 31. Rf4 Qxh5+ 32. Ke1 Qh2 33. Qf1 Rb7 34. Bc1 Rc7
35. Kd2 Qh5 36. Qxa6 Qd5 37. Ke2 Qh5+ 38. Kd2 Qd5 39. Ke2 Qh5+ 40. Kd2 Qd5 1/2-1/2

[Event "40th Olympiad Women"]
[Site "Istanbul TUR"]
[Date "2012.09.01"]
[Round "5.10"]
[Board "2"]
[White "Nemcova, Katerina"]
[Black "Moncayo Romero, Evelyn"]
[Result "1-0"]
[WhiteTitle "WGM"]
[BlackTitle "WIM"]
[WhiteElo "2276"]
[BlackElo "2163"]
[WhiteTeam "Czech Republic"]
[BlackTeam "Ecuador"]
[WhiteFideId "322750"]
[BlackFideId "3600424"]
[EventDate "2012.08.28"]

1. e4 c5 2. Nf3 d6 3. c3 Nf6 4. Be2 e6 5. O-O Be7 6. Re1 O-O 7. Bf1 Nc6 8. d4
cxd4 9. cxd4 d5 10. e5 Ne4 11. Nbd2 Nxd2 12. Bxd2 Qb6 13. Bc3 Bd7 14. Bd3 f5 15.
exf6 Bxf6 16. Qd2 Kh8 17. Bc2 Rac8 18. Re2 Qd8 19. Rae1 b5 20. b4 Qc7 21. h4 Be7
22. a3 Qf4 23. Qd3 g6 24. h5 Bd6 25. hxg6 Qh6 26. Bd2 Qxg6 27. Qxg6 hxg6 28. Be3
Kg7 29. Bd3 a6 30. Nh4 Ne7 31. Bg5 Nf5 32. Bxf5 gxf5 33. Bc1 Rh8 34. Nf3 Rh5 35.
g3 Rhh8 36. Kg2 Rc4 37. Ng5 Rh6 38. Nxe6+ Rxe6 39. Rxe6 Bxe6 40. Rxe6 Bxb4 41.
Bh6+ Kf7 42. Rxa6 Be7 43. Ra7 Ke6 44. Be3 Ra4 45. Rb7 Ra5 46. Bd2 Rxa3 47. Rxe7+ 1-0

[Event "40th Olympiad Women"]
[Site "Istanbul TUR"]
[Date "2012.09.01"]
[Round "5.10"]
[Board "3"]
[White "Vasquez Ramirez, Rocio"]
[Black "Havlikova, Kristyna"]
[Result "0-1"]
[WhiteTitle "WIM"]
[BlackTitle "WIM"]
[WhiteElo "2132"]
[BlackElo "2298"]
[WhiteTeam "Ecuador"]
[BlackTeam "Czech Republic"]
[WhiteFideId "3600750"]
[BlackFideId "309672"]
[EventDate "2012.08.28"]

1. d4 Nf6 2. Nf3 g6 3. Nc3 d5 4. Bf4 Bg7 5. e3 O-O 6. Be2 c5 7. Ne5 Nc6 8. Qd2
Bf5 9. g4 Be6 10. g5 cxd4 11. exd4 Nd7 12. Nxc6 bxc6 13. Na4 c5 14. Ba6 cxd4 15.
Bb7 Rb8 16. Bxb8 Qxb8 17. Ba6 Bg4 18. f4 e5 19. h3 Bh5 20. O-O exf4 21. Rxf4 h6
22. h4 hxg5 23. hxg5 Qd8 24. Rf2 Ne5 25. Nc5 d3 26. Raf1 Qb6 27. b4 dxc2 28. a3
d4 29. Qxc2 Qd8 30. Qd2 d3 31. Bxd3 Nxd3 32. Qxd3 Bd4 33. Qg3 Be2 34. Kg2 Qd5+
35. Rf3 Re8 36. Qf4 Bxf3+ 37. Rxf3 Re5 38. Kh3 Rxg5 39. Ne4 Rh5+ 40. Kg2 Qa2+
41. Nf2 Bxf2 42. Rxf2 Qd5+ 43. Qf3 Rg5+ 44. Kf1 Qc4+ 45. Ke1 Qc1+ 46. Ke2 Re5+
47. Kd3 Qxa3+ 48. Kc4 Qa6+ 49. Kc3 Qc8+ 50. Kb2 Qc4 51. Ka3 a5 52. Qa8+ Kg7 53.
Rb2 axb4+ 54. Ka4 b3+ 55. Ka3 Qc5+ 56. Ka4 Qb5+ 57. Ka3 Qa5+ 0-1

[Event "40th Olympiad Women"]
[Site "Istanbul TUR"]
[Date "2012.09.01"]
[Round "5.10"]
[Board "4"]
[White "Olsarova, Tereza"]
[Black "Romero Echeverria, Abigail"]
[Result "1-0"]
[WhiteTitle "WIM"]
[BlackTitle "WFM"]
[WhiteElo "2241"]
[BlackElo "2109"]
[WhiteTeam "Czech Republic"]
[BlackTeam "Ecuador"]
[WhiteFideId "325449"]
[BlackFideId "3603806"]
[EventDate "2012.08.28"]

1. e4 e5 2. Nf3 Nc6 3. d4 exd4 4. Bc4 d6 5. c3 Ne5 6. Nxe5 dxe5 7. Qb3 Qd7 8.
O-O Bd6 9. cxd4 c6 10. f4 b5 11. Bd3 exd4 12. e5 Bc5 13. f5 1-0

[Event "40th Olympiad Women"]
[Site "Istanbul TUR"]
[Date "2012.09.01"]
[Round "5.11"]
[Board "1"]
[White "Boric, Elena"]
[Black "Matnadze, Ana"]
[Result "0-1"]
[WhiteTitle "WIM"]
[BlackTitle "IM"]
[WhiteElo "2319"]
[BlackElo "2422"]
[WhiteTeam "Bosnia & Herzegovina"]
[BlackTeam "Spain"]
[WhiteFideId "14400839"]
[BlackFideId "13601377"]
[EventDate "2012.08.28"]

1. e4 c6 2. d4 g6 3. f4 d5 4. e5 h5 5. Nf3 Bg4 6. Bd3 e6 7. O-O Nh6 8. c3 Bxf3
9. Qxf3 Nf5 10. b3 c5 11. dxc5 Bxc5+ 12. Kh1 Nc6 13. Ba3 Qb6 14. Bxc5 Qxc5 15.
Bxf5 gxf5 16. Nd2 a5 17. a3 h4 18. b4 Qb5 19. a4 Qb6 20. b5 Ne7 21. c4 Qd4 22.
Qe2 h3 23. g3 Rc8 24. Rac1 dxc4 25. Nxc4 O-O 26. Rfd1 Qc5 27. g4 Rfd8 28. gxf5
Rxd1+ 29. Qxd1 Nxf5 30. Qf3 Kf8 31. Rc2 Qd4 32. Qa3+ Kg7 33. Rc1 Qe4+ 0-1

[Event "40th Olympiad Women"]
[Site "Istanbul TUR"]
[Date "2012.09.01"]
[Round "5.11"]
[Board "2"]
[White "Vega Gutierrez, Sabrina"]
[Black "Dimitrijevic, Aleksandra"]
[Result "1/2-1/2"]
[WhiteTitle "WGM"]
[BlackTitle "WFM"]
[WhiteElo "2355"]
[BlackElo "2280"]
[WhiteTeam "Spain"]
[BlackTeam "Bosnia & Herzegovina"]
[WhiteFideId "2219026"]
[BlackFideId "929239"]
[EventDate "2012.08.28"]

1. e4 c5 2. Nf3 Nc6 3. d4 cxd4 4. Nxd4 Nf6 5. Nc3 d6 6. Bc4 Qb6 7. Be3 Qxb2 8.
Ndb5 Qb4 9. Bd3 Qa5 10. Rb1 e6 11. Rb3 Qd8 12. f4 Be7 13. O-O O-O 14. Qf3 Bd7
15. Qg3 Nh5 16. Qh3 Nf6 17. Nxd6 Bxd6 18. e5 Bxe5 19. fxe5 Nxe5 20. Bg5 Nxd3 21.
Ne4 Nxe4 22. Bxd8 Ndf2 23. Rxf2 Nxf2 24. Kxf2 Raxd8 25. Rxb7 Bc6 26. Rc7 Rd2+
27. Ke1 Rxc2 28. Qb3 Ba4 29. Qb7 Rxa2 30. Rc8 g6 31. Rxf8+ Kxf8 32. Qb4+ Kg7 33.
Qd4+ Kg8 34. Qd8+ Kg7 35. Qd4+ Kf8 36. Qxa7 h5 37. h4 Kg7 38. Qd4+ Kh7 39. Qa7
Kg8 40. g3 Kg7 41. Qd4+ Kh7 42. Qf4 Kg7 43. Qe5+ Kg8 44. Qb8+ Kg7 45. Qb1 Rg2
46. Qa1+ Kg8 47. Qxa4 Rxg3 48. Qa8+ Kg7 49. Qa1+ Kg8 50. Qa8+ Kg7 51. Qa1+ Kg8
52. Qa8+ 1/2-1/2

[Event "40th Olympiad Women"]
[Site "Istanbul TUR"]
[Date "2012.09.01"]
[Round "5.11"]
[Board "3"]
[White "Dedijer, Sanja"]
[Black "Calzetta Ruiz, Monica"]
[Result "0-1"]
[BlackTitle "WGM"]
[WhiteElo "2036"]
[BlackElo "2276"]
[WhiteTeam "Bosnia & Herzegovina"]
[BlackTeam "Spain"]
[WhiteFideId "14401878"]
[BlackFideId "2204185"]
[EventDate "2012.08.28"]

1. Nf3 Nf6 2. g3 c5 3. Bg2 g6 4. O-O Nc6 5. d4 cxd4 6. Nxd4 Bg7 7. c4 h5 8. Nc3
h4 9. e4 hxg3 10. hxg3 Nxd4 11. Qxd4 d6 12. c5 Nh5 13. Qa4+ Bd7 14. Qb4 dxc5 15.
Qxc5 Qc8 16. Be3 b6 17. Qxc8+ Rxc8 18. Rfd1 Bg4 19. Rd2 O-O 20. Nb5 a6 21. Na7
Rc4 22. Bxb6 Rb8 23. Be3 Bxb2 24. Bf1 Bxa1 25. Bxc4 Bf3 26. Bd3 Kg7 27. Nc6 Rh8
28. Nd4 Bxd4 29. Bxd4+ Nf6 30. Bxf6+ exf6 31. Be2 Rh1# 0-1